000 00556nam a2200169Ia 4500
005 20250923145449.0
008 008 250917s9999 xx 000 0 eng d
037 _aTextual
040 _aDSWL
_beng
_cDSWL
041 _aeng
_2eng
084 _aY15.2.M7, N78
_qDSWL
245 0 _aWomen in India : A Statistical Profile
_c by Ministry of Education and Social Welfare
260 _aNew Delhi
_bDelhi Ministry of Education and Social Welfare
_c1978
300 _axvii,477 p.
942 _cTEXL
_hY15.2.M7, N78
999 _c1451652
_d1451652